00581nam a22001337a 450000500170000000800410001705000360005810000280009424501350012226000340025730000200029150000400031165000960035120250811114845.0250811b |||||||| |||| 00| 0 eng d aTHE LC 67.68 .T34 N93 2020bC.1 aNyanda, Lucy Fortunatas aChallenges Facing Non-Governmental Organisations in Promotion of Quality Education in Primary Schools in Musoma District, Tanzania aKisiibKisii Universityc2020 axiii, 87p.:ill. aIncludes bibliographical references a1. Education - Tanzania - Finance and policy. 2. Non-governmental organizations - Tanzania.